| 000 | 00708nam a2200217 a 4500 | ||
|---|---|---|---|
| 999 |
_c8733 _d8733 |
||
| 001 | 8733 | ||
| 003 | BD-JhCC | ||
| 005 | 20180301194944.0 | ||
| 008 | 180301s19381959bg |||| |a|| 000 0 be d | ||
| 035 | _a(BD-JhCC)8733 | ||
| 040 |
_aBD-JhCC _dBD-JhCC |
||
| 041 | _aben | ||
| 082 |
_a891.4409 _bSHA 1938 |
||
| 100 | _aশহীদুল্লাহ্,মুহম্মদ. | ||
| 245 |
_aদীওআন ই হাফিয / _cডক্টর মুহম্মদ শহীদুল্লাহ্. |
||
| 260 |
_aঢাকা: _bরেনেসাঁস্ প্রিন্টার্স; _c1938. |
||
| 300 |
_a61 p. : _c24 cm. |
||
| 651 | _aBengali Literature. | ||
| 942 |
_2lcc _cBK |
||